00527nai a2200157Ia 4500003000900000008004100009022002200050022002300072040001600095245003000111260003400141310001400175362002700189521006900216856008400285IN-BaIIA211028c9999 xx s 000 0 eng d a1435-8603 (Print) a1438-8677 (Online) cIIA Library 0aPlant Biologyh[eJournal] aNew JerseybJohn Wiley & Sons aBimonthly a110(1); 1997 - Present bSubscribed through National Knowledge Resource Consortium (NKRC) uhttps://onlinelibrary.wiley.com/journal/14388677yClick Here to Access eJournal